[Event "Deutsche Ländermeisterschaft 2017"]
[Site "Hannover GER"]
[Date "2017.10.01"]
[Round "3"]
[White "Reichelt, Lena"]
[Black "Wang, Xinyuan"]
[Result "0-1"]
[Termination "normal"]
[Board "1.8"]
[WhiteElo "1502"]
[BlackElo "1757"]
[WhiteClock "00:02:01"]
[BlackClock "01:03:33"]
[WhiteTeam "Niedersachsen"]
[BlackTeam "Baden 1"]
[PlyCount "60"]
[WhiteFideId "12981184"]
[BlackFideId "16221494"]
[EventCountry "GER"]
[EventRounds "7"]
[EventType "team-swiss"]
[EventDate "2017.09.29"]

1. d4 {[%clk 1:30:57]} Nf6 {[%clk 1:30:51]} 2. Nf3 {[%clk 1:31:17]} e6 {[%clk
1:31:10]} 3. e3 {[%clk 1:31:32]} d5 {[%clk 1:31:32]} 4. c4 {[%clk 1:31:09]} c5
{[%clk 1:31:44]} 5. cxd5 {[%clk 1:28:22]} exd5 {[%clk 1:32:00]} 6. dxc5 {[%clk
1:28:42]} Bxc5 {[%clk 1:32:15]} 7. Nc3 {[%clk 1:28:09]} O-O {[%clk 1:32:10]} 8.
Be2 {[%clk 1:27:51]} Nc6 {[%clk 1:32:12]} 9. O-O {[%clk 1:27:59]} a6 {[%clk
1:31:42]} 10. b3 {[%clk 1:23:42]} Bb6 {[%clk 1:30:20]} 11. Bb2 {[%clk 1:22:35]}
Re8 {[%clk 1:29:43]} 12. Rc1 {[%clk 1:12:42]} Bc7 {[%clk 1:29:18]} 13. h3
{[%clk 1:10:01]} Be6 {[%clk 1:25:19]} 14. Nd4 {[%clk 1:09:23]} Qd6 {[%clk
1:24:37]} 15. f4 {[%clk 1:01:57]} Bd7 {[%clk 1:23:51]} 16. Qd2 {[%clk 0:58:34]}
Qe7 {[%clk 1:23:23]} 17. Rf3 {[%clk 0:53:59]} Rac8 {[%clk 1:17:19]} 18. Nc2
{[%clk 0:46:08]} Bb6 {[%clk 1:14:02]} 19. Nxd5 {[%clk 0:39:22]} Nxd5 {[%clk
1:14:24]} 20. Qxd5 {[%clk 0:39:34]} Rcd8 {[%clk 1:13:53]} 21. Qg5 {[%clk
0:38:08]} Qxg5 {[%clk 1:09:54]} 22. fxg5 {[%clk 0:38:25]} Be6 {[%clk 1:09:35]}
23. Bc3 {[%clk 0:32:00]} Bd5 {[%clk 1:09:02]} 24. Rg3 {[%clk 0:20:57]} Be4
{[%clk 1:06:58]} 25. Kf2 {[%clk 0:09:41]} Ne7 {[%clk 1:05:27]} 26. Bf3 {[%clk
0:07:54]} Bxc2 {[%clk 1:05:06]} 27. Rxc2 {[%clk 0:08:05]} Nf5 {[%clk 1:05:26]}
28. Bxb7 {[%clk 0:06:30]} Nxe3 {[%clk 1:04:03]} 29. Rxe3 {[%clk 0:05:29]} Rxe3
{[%clk 1:03:54]} 30. Kf1 {[%clk 0:02:01]} Rd1+ {[%clk 1:03:33]} 0-1

[Event "Deutsche Ländermeisterschaft 2017"]
[Site "Hannover GER"]
[Date "2017.10.01"]
[Round "3"]
[White "Sawlin, Leonid"]
[Black "Muckle, Julius"]
[Result "1-0"]
[Termination "normal"]
[Board "2.1"]
[WhiteTitle "FM"]
[BlackTitle "FM"]
[WhiteElo "2364"]
[BlackElo "2307"]
[WhiteClock "00:53:39"]
[BlackClock "00:38:34"]
[WhiteTeam "Berlin"]
[BlackTeam "Rheinland-Pfalz"]
[PlyCount "51"]
[WhiteFideId "4689542"]
[BlackFideId "12942430"]
[EventCountry "GER"]
[EventRounds "7"]
[EventType "team-swiss"]
[EventDate "2017.09.29"]

1. e4 {[%clk 1:30:59]} e6 {[%clk 1:31:00]} 2. d4 {[%clk 1:31:22]} d5 {[%clk
1:31:28]} 3. Nd2 {[%clk 1:31:48]} c5 {[%clk 1:31:34]} 4. Ngf3 {[%clk 1:31:50]}
Nc6 {[%clk 1:31:21]} 5. exd5 {[%clk 1:31:53]} exd5 {[%clk 1:31:45]} 6. Bb5
{[%clk 1:31:55]} Bd6 {[%clk 1:32:05]} 7. O-O {[%clk 1:32:00]} Nge7 {[%clk
1:32:32]} 8. dxc5 {[%clk 1:32:07]} Bxc5 {[%clk 1:32:58]} 9. Nb3 {[%clk
1:32:31]} Bd6 {[%clk 1:33:24]} 10. h3 {[%clk 1:32:41]} O-O {[%clk 1:33:17]} 11.
Bg5 {[%clk 1:28:53]} h6 {[%clk 1:31:58]} 12. Bxe7 {[%clk 1:27:19]} Nxe7 {[%clk
1:29:38]} 13. Re1 {[%clk 1:27:08]} Qb6 {[%clk 1:14:49]} 14. Nfd4 {[%clk
1:20:47]} Nc6 {[%clk 1:13:36]} 15. Bf1 {[%clk 1:16:43]} a6 {[%clk 1:02:59]} 16.
c3 {[%clk 1:10:29]} Bd7 {[%clk 1:02:19]} 17. Qc2 {[%clk 1:05:10]} Rfe8 {[%clk
0:42:55]} 18. Nf5 {[%clk 0:56:22]} Bf8 {[%clk 0:42:03]} 19. Ne3 {[%clk
0:54:04]} Be6 {[%clk 0:42:07]} 20. Rad1 {[%clk 0:54:05]} Rad8 {[%clk 0:42:31]}
21. Nxd5 {[%clk 0:53:13]} Bxd5 {[%clk 0:41:33]} 22. Rxe8 {[%clk 0:53:25]} Bxb3
{[%clk 0:39:47]} 23. Qxb3 {[%clk 0:52:19]} Qxb3 {[%clk 0:39:39]} 24. Rdxd8
{[%clk 0:52:41]} Qxb2 {[%clk 0:38:05]} 25. Rxf8+ {[%clk 0:53:09]} Kh7 {[%clk
0:38:34]} 26. Bd3+ {[%clk 0:53:39]} 1-0

[Event "Deutsche Ländermeisterschaft 2017"]
[Site "Hannover GER"]
[Date "2017.10.01"]
[Round "3"]
[White "Syrov, Arkadi"]
[Black "Schmidek, Emil"]
[Result "1-0"]
[Termination "normal"]
[Board "2.2"]
[BlackTitle "FM"]
[WhiteElo "2280"]
[BlackElo "2414"]
[WhiteClock "00:27:59"]
[BlackClock "00:01:41"]
[WhiteTeam "Rheinland-Pfalz"]
[BlackTeam "Berlin"]
[PlyCount "75"]
[WhiteFideId "12942448"]
[BlackFideId "12908150"]
[EventCountry "GER"]
[EventRounds "7"]
[EventType "team-swiss"]
[EventDate "2017.09.29"]

1. e4 {[%clk 1:30:58]} e5 {[%clk 1:30:54]} 2. Nf3 {[%clk 1:31:24]} Nc6 {[%clk
1:31:18]} 3. Bb5 {[%clk 1:31:45]} a6 {[%clk 1:31:44]} 4. Ba4 {[%clk 1:32:12]}
Nf6 {[%clk 1:32:09]} 5. d3 {[%clk 1:32:38]} b5 {[%clk 1:31:51]} 6. Bb3 {[%clk
1:33:03]} Be7 {[%clk 1:32:18]} 7. O-O {[%clk 1:32:08]} d6 {[%clk 1:32:27]} 8.
a4 {[%clk 1:32:28]} Bg4 {[%clk 1:29:31]} 9. Be3 {[%clk 1:30:54]} O-O {[%clk
1:28:57]} 10. Nc3 {[%clk 1:29:46]} Rb8 {[%clk 1:23:35]} 11. axb5 {[%clk
1:28:12]} axb5 {[%clk 1:23:50]} 12. h3 {[%clk 1:27:57]} Be6 {[%clk 1:21:50]}
13. Bxe6 {[%clk 1:20:16]} fxe6 {[%clk 1:22:15]} 14. Ne2 {[%clk 1:20:19]} Nh5
{[%clk 1:19:52]} 15. d4 {[%clk 1:14:00]} Nf4 {[%clk 1:16:37]} 16. Bxf4 {[%clk
1:09:45]} exf4 {[%clk 1:16:54]} 17. d5 {[%clk 1:10:08]} Ne5 {[%clk 1:13:39]}
18. Ned4 {[%clk 1:10:05]} Qe8 {[%clk 1:03:37]} 19. Nxe6 {[%clk 1:07:20]} Rf6
{[%clk 1:03:32]} 20. Nxc7 {[%clk 1:04:08]} Qg6 {[%clk 0:58:41]} 21. Nxe5 {[%clk
0:48:59]} dxe5 {[%clk 0:58:57]} 22. Qf3 {[%clk 0:49:18]} Bc5 {[%clk 0:52:54]}
23. Ne6 {[%clk 0:49:27]} Bb6 {[%clk 0:53:09]} 24. Kh2 {[%clk 0:48:33]} Qh6
{[%clk 0:46:18]} 25. Ra6 {[%clk 0:47:58]} Qh4 {[%clk 0:37:20]} 26. Qa3 {[%clk
0:34:00]} h5 {[%clk 0:13:07]} 27. Ra8 {[%clk 0:32:22]} Rxa8 {[%clk 0:12:22]}
28. Qxa8+ {[%clk 0:32:46]} Kh7 {[%clk 0:12:45]} 29. Qb7 {[%clk 0:32:54]} Rxe6
{[%clk 0:12:16]} 30. dxe6 {[%clk 0:33:18]} Bxf2 {[%clk 0:11:37]} 31. Qf7 {[%clk
0:32:27]} Bg3+ {[%clk 0:01:30]} 32. Kg1 {[%clk 0:28:28]} f3 {[%clk 0:00:57]}
33. e7 {[%clk 0:27:49]} Bf4 {[%clk 0:00:32]} 34. e8=Q {[%clk 0:26:48]} Be3+
{[%clk 0:00:50]} 35. Kh1 {[%clk 0:27:12]} fxg2+ {[%clk 0:01:06]} 36. Kxg2
{[%clk 0:27:37]} Qxe4+ {[%clk 0:01:16]} 37. Qf3 {[%clk 0:27:59]} Qxc2+ {[%clk
0:01:41]} 38. Rf2 1-0

[Event "Deutsche Ländermeisterschaft 2017"]
[Site "Hannover GER"]
[Date "2017.10.01"]
[Round "3"]
[White "Lagunow, Raphael"]
[Black "Ronge, Tim Hendrik"]
[Result "1-0"]
[Termination "normal"]
[Board "2.3"]
[WhiteTitle "FM"]
[WhiteElo "2357"]
[BlackElo "2125"]
[WhiteClock "00:01:11"]
[BlackClock "00:42:37"]
[WhiteTeam "Berlin"]
[BlackTeam "Rheinland-Pfalz"]
[PlyCount "125"]
[WhiteFideId "24652644"]
[BlackFideId "12955418"]
[EventCountry "GER"]
[EventRounds "7"]
[EventType "team-swiss"]
[EventDate "2017.09.29"]

1. e4 {[%clk 1:30:58]} c5 {[%clk 1:30:51]} 2. Nf3 {[%clk 1:31:22]} e6 {[%clk
1:31:15]} 3. d4 {[%clk 1:31:10]} cxd4 {[%clk 1:31:39]} 4. Nxd4 {[%clk 1:31:36]}
a6 {[%clk 1:32:04]} 5. Bd3 {[%clk 1:32:02]} Ne7 {[%clk 1:32:30]} 6. O-O {[%clk
1:26:07]} Nbc6 {[%clk 1:32:54]} 7. Nb3 {[%clk 1:26:17]} g6 {[%clk 1:33:17]} 8.
c4 {[%clk 1:22:21]} Bg7 {[%clk 1:33:26]} 9. Nc3 {[%clk 1:22:44]} O-O {[%clk
1:33:50]} 10. Be2 {[%clk 1:16:09]} f5 {[%clk 1:34:08]} 11. c5 {[%clk 1:12:14]}
b6 {[%clk 1:32:48]} 12. cxb6 {[%clk 1:11:14]} Qxb6 {[%clk 1:33:12]} 13. Be3
{[%clk 1:11:33]} Qc7 {[%clk 1:31:20]} 14. Bc5 {[%clk 0:57:24]} Be5 {[%clk
1:30:05]} 15. g3 {[%clk 0:57:22]} fxe4 {[%clk 1:25:35]} 16. Nxe4 {[%clk
0:56:10]} d5 {[%clk 1:25:48]} 17. Nc3 {[%clk 0:54:24]} Bb7 {[%clk 1:23:46]} 18.
Bg4 {[%clk 0:51:33]} Nd8 {[%clk 1:08:39]} 19. Re1 {[%clk 0:43:37]} Bd6 {[%clk
1:05:01]} 20. Ne4 {[%clk 0:35:46]} Bxc5 {[%clk 1:03:42]} 21. Nexc5 {[%clk
0:36:10]} Nf5 {[%clk 1:02:36]} 22. Rc1 {[%clk 0:25:48]} Qf7 {[%clk 1:00:52]}
23. Qe2 {[%clk 0:24:42]} Re8 {[%clk 0:59:48]} 24. Bxf5 {[%clk 0:21:53]} Qxf5
{[%clk 0:59:45]} 25. Nd4 {[%clk 0:21:30]} Qf6 {[%clk 0:58:15]} 26. Qe5 {[%clk
0:18:33]} Qxe5 {[%clk 0:56:39]} 27. Rxe5 {[%clk 0:19:02]} Bc8 {[%clk 0:54:44]}
28. f4 {[%clk 0:17:31]} Nf7 {[%clk 0:52:14]} 29. Re3 {[%clk 0:13:53]} e5 {[%clk
0:50:13]} 30. fxe5 {[%clk 0:14:17]} Rxe5 {[%clk 0:50:35]} 31. Rxe5 {[%clk
0:13:18]} Nxe5 {[%clk 0:50:59]} 32. Re1 {[%clk 0:13:33]} Nc4 {[%clk 0:46:20]}
33. b3 {[%clk 0:12:40]} Nb6 {[%clk 0:46:29]} 34. Re8+ {[%clk 0:08:10]} Kf7
{[%clk 0:46:06]} 35. Rd8 {[%clk 0:08:38]} Ra7 {[%clk 0:45:13]} 36. Rd6 {[%clk
0:07:32]} Nd7 {[%clk 0:44:22]} 37. Rxd5 {[%clk 0:03:45]} Nxc5 {[%clk 0:43:52]}
38. Rxc5 {[%clk 0:04:10]} Rd7 {[%clk 0:43:26]} 39. Nf3 {[%clk 0:01:48]} Rd1+
{[%clk 0:42:36]} 40. Kf2 {[%clk 0:02:10]} Bd7 {[%clk 0:37:49]} 41. Ra5 {[%clk
0:19:29]} Bc8 {[%clk 1:04:46]} 42. Rc5 {[%clk 0:18:32]} Bd7 {[%clk 1:04:35]}
43. Rc7 {[%clk 0:10:46]} Kg8 {[%clk 1:00:12]} 44. Ke2 {[%clk 0:09:09]} Rd5
{[%clk 0:57:59]} 45. Ke3 {[%clk 0:08:16]} Bf5 {[%clk 0:56:56]} 46. Nd4 {[%clk
0:06:01]} Bb1 {[%clk 0:56:18]} 47. a3 {[%clk 0:03:24]} Re5+ {[%clk 0:54:03]}
48. Kd2 {[%clk 0:03:52]} Rh5 {[%clk 0:53:59]} 49. h4 {[%clk 0:03:33]} Re5
{[%clk 0:52:29]} 50. Rc1 {[%clk 0:03:01]} Rd5 {[%clk 0:49:53]} 51. Kc3 {[%clk
0:01:09]} Rc5+ {[%clk 0:48:26]} 52. Kb2 {[%clk 0:01:38]} Rxc1 {[%clk 0:48:50]}
53. Kxc1 {[%clk 0:02:02]} Be4 {[%clk 0:49:14]} 54. Kd2 {[%clk 0:01:14]} Kf7
{[%clk 0:48:41]} 55. Ke3 {[%clk 0:01:43]} Bd5 {[%clk 0:49:02]} 56. Kf4 {[%clk
0:01:52]} h5 {[%clk 0:44:40]} 57. Ke5 {[%clk 0:01:52]} Bg2 {[%clk 0:45:04]} 58.
b4 {[%clk 0:01:45]} Bf1 {[%clk 0:44:57]} 59. a4 {[%clk 0:00:46]} Bd3 {[%clk
0:43:21]} 60. b5 {[%clk 0:00:34]} axb5 {[%clk 0:43:44]} 61. axb5 {[%clk
0:00:50]} Bc4 {[%clk 0:42:13]} 62. b6 {[%clk 0:01:02]} Ba6 {[%clk 0:42:37]} 63.
Nb3 {[%clk 0:01:11]} 1-0

[Event "Deutsche Ländermeisterschaft 2017"]
[Site "Hannover GER"]
[Date "2017.10.01"]
[Round "3"]
[White "Yankelevich, Michael"]
[Black "Wiesner, Paula"]
[Result "1-0"]
[Termination "normal"]
[Board "2.4"]
[WhiteElo "1919"]
[BlackElo "2013"]
[WhiteClock "01:21:10"]
[BlackClock "00:19:12"]
[WhiteTeam "Rheinland-Pfalz"]
[BlackTeam "Berlin"]
[PlyCount "61"]
[WhiteFideId "12921440"]
[BlackFideId "24654019"]
[EventCountry "GER"]
[EventRounds "7"]
[EventType "team-swiss"]
[EventDate "2017.09.29"]

1. d4 {[%clk 1:30:58]} e6 {[%clk 1:30:54]} 2. c4 {[%clk 1:31:18]} Bb4+ {[%clk
1:31:18]} 3. Bd2 Qe7 {[%clk 1:30:36]} 4. g3 {[%clk 1:31:09]} Nf6 {[%clk
1:29:11]} 5. Bg2 {[%clk 1:31:19]} O-O {[%clk 1:26:48]} 6. Nf3 {[%clk 1:30:46]}
Ne4 {[%clk 1:21:11]} 7. O-O {[%clk 1:29:05]} Nxd2 {[%clk 1:21:36]} 8. Nbxd2
{[%clk 1:29:31]} c5 {[%clk 1:19:15]} 9. d5 {[%clk 1:28:53]} exd5 {[%clk
1:14:47]} 10. cxd5 {[%clk 1:29:15]} d6 {[%clk 1:12:06]} 11. Nb3 {[%clk
1:27:32]} Qc7 {[%clk 1:04:48]} 12. Rc1 {[%clk 1:26:48]} b5 {[%clk 0:59:42]} 13.
Nh4 {[%clk 1:26:03]} a6 {[%clk 0:51:54]} 14. e4 {[%clk 1:25:17]} Nd7 {[%clk
0:50:55]} 15. Nf5 {[%clk 1:25:13]} Ne5 {[%clk 0:48:20]} 16. a3 {[%clk 1:25:14]}
Ba5 {[%clk 0:46:11]} 17. Nxd6 {[%clk 1:25:14]} Qxd6 {[%clk 0:43:56]} 18. Nxa5
{[%clk 1:25:29]} c4 {[%clk 0:42:51]} 19. Qd4 {[%clk 1:23:07]} f5 {[%clk
0:38:25]} 20. f4 {[%clk 1:22:34]} Nd3 {[%clk 0:36:27]} 21. e5 {[%clk 1:20:32]}
Nxc1 22. Rxc1 Qd7 {[%clk 0:30:54]} 23. d6 {[%clk 1:20:20]} Qa7 {[%clk 0:27:42]}
24. Qxa7 {[%clk 1:20:49]} Rxa7 {[%clk 0:28:07]} 25. Nc6 {[%clk 1:21:10]} Rd7
{[%clk 0:25:25]} 26. Rd1 {[%clk 1:21:04]} Re8 {[%clk 0:23:49]} 27. e6 {[%clk
1:19:52]} Rxe6 {[%clk 0:21:56]} 28. Bd5 {[%clk 1:20:15]} Rb7 {[%clk 0:19:45]}
29. Nd8 {[%clk 1:20:19]} Kf8 {[%clk 0:18:51]} 30. Nxe6+ {[%clk 1:20:44]} Bxe6
{[%clk 0:19:12]} 31. Bxb7 {[%clk 1:21:10]} 1-0

[Event "Deutsche Ländermeisterschaft 2017"]
[Site "Hannover GER"]
[Date "2017.10.01"]
[Round "3"]
[White "Bui, Bao Anh Le"]
[Black "Musiolik, David"]
[Result "1-0"]
[Termination "normal"]
[Board "2.5"]
[WhiteElo "1896"]
[BlackElo "1952"]
[WhiteClock "00:04:40"]
[BlackClock "00:20:23"]
[WhiteTeam "Berlin"]
[BlackTeam "Rheinland-Pfalz"]
[PlyCount "117"]
[WhiteFideId "12970719"]
[BlackFideId "12972355"]
[EventCountry "GER"]
[EventRounds "7"]
[EventType "team-swiss"]
[EventDate "2017.09.29"]

1. e4 {[%clk 1:30:51]} e6 {[%clk 1:30:56]} 2. d4 {[%clk 1:31:18]} d5 {[%clk
1:31:24]} 3. Nc3 {[%clk 1:31:43]} Bb4 {[%clk 1:31:51]} 4. a3 {[%clk 1:32:09]}
Bxc3+ {[%clk 1:21:56]} 5. bxc3 {[%clk 1:32:17]} Ne7 {[%clk 1:20:39]} 6. Bd3
{[%clk 1:32:45]} c5 {[%clk 1:18:34]} 7. exd5 {[%clk 1:31:44]} exd5 {[%clk
1:17:15]} 8. dxc5 {[%clk 1:32:04]} Qa5 {[%clk 1:14:15]} 9. Ne2 {[%clk 1:32:28]}
Nbc6 {[%clk 1:12:10]} 10. Rb1 {[%clk 1:29:17]} Qxc5 {[%clk 1:10:04]} 11. O-O
{[%clk 1:21:17]} O-O {[%clk 1:08:31]} 12. Rb5 {[%clk 1:10:04]} Qd6 {[%clk
1:08:38]} 13. a4 {[%clk 1:02:25]} a6 {[%clk 1:03:58]} 14. Rb3 {[%clk 1:00:44]}
Ne5 {[%clk 0:53:07]} 15. Ba3 {[%clk 0:57:06]} Qc7 {[%clk 0:53:12]} 16. Re1
{[%clk 0:48:25]} Nc4 {[%clk 0:45:20]} 17. Bxe7 {[%clk 0:41:25]} Qxe7 {[%clk
0:43:48]} 18. Nf4 {[%clk 0:40:31]} Qg5 {[%clk 0:41:53]} 19. Nxd5 {[%clk
0:37:30]} Bg4 {[%clk 0:39:52]} 20. f3 {[%clk 0:26:42]} Bh3 {[%clk 0:29:48]} 21.
g3 Nd2 {[%clk 0:24:36]} 22. f4 {[%clk 0:21:55]} Qxd5 {[%clk 0:21:39]} 23. Qxd2
{[%clk 0:22:15]} Rad8 {[%clk 0:21:10]} 24. Re5 {[%clk 0:17:25]} Qd7 {[%clk
0:20:50]} 25. Rb4 {[%clk 0:15:02]} g6 {[%clk 0:18:15]} 26. Rd4 {[%clk 0:10:05]}
Qc7 {[%clk 0:17:53]} 27. Be4 {[%clk 0:06:44]} Qb6 {[%clk 0:10:57]} 28. Kf2
{[%clk 0:05:04]} Rd6 {[%clk 0:09:46]} 29. a5 {[%clk 0:04:50]} Qa7 {[%clk
0:09:39]} 30. Qe3 {[%clk 0:03:31]} Rxd4 {[%clk 0:08:52]} 31. cxd4 {[%clk
0:03:47]} b6 {[%clk 0:08:14]} 32. axb6 {[%clk 0:02:07]} Qxb6 {[%clk 0:08:28]}
33. Bd3 {[%clk 0:01:54]} Qd6 {[%clk 0:07:29]} 34. c4 {[%clk 0:01:48]} Rc8
{[%clk 0:03:49]} 35. Re8+ {[%clk 0:01:54]} Kg7 {[%clk 0:04:06]} 36. Rxc8 {[%clk
0:01:59]} Bxc8 {[%clk 0:04:34]} 37. Qe5+ {[%clk 0:02:04]} Qxe5 {[%clk 0:04:59]}
38. fxe5 {[%clk 0:02:29]} f6 {[%clk 0:05:22]} 39. exf6+ {[%clk 0:01:34]} Kxf6
{[%clk 0:05:51]} 40. Ke3 {[%clk 0:01:52]} Ke6 41. Be4 {[%clk 0:30:03]} a5
{[%clk 0:35:36]} 42. Kd3 {[%clk 0:29:37]} Ba6 {[%clk 0:35:01]} 43. Kc3 {[%clk
0:29:22]} Bc8 {[%clk 0:35:26]} 44. Bc6 {[%clk 0:28:09]} Kd6 45. Bb5 {[%clk
0:27:57]} Bg4 {[%clk 0:35:18]} 46. Ba4 {[%clk 0:15:24]} g5 {[%clk 0:33:05]} 47.
Bc2 {[%clk 0:14:19]} h6 {[%clk 0:32:35]} 48. Be4 {[%clk 0:14:33]} Bd1 {[%clk
0:32:36]} 49. c5+ {[%clk 0:10:43]} Ke6 {[%clk 0:32:37]} 50. Kc4 {[%clk
0:07:48]} Ba4 {[%clk 0:32:36]} 51. g4 {[%clk 0:07:14]} Be8 {[%clk 0:31:27]} 52.
Bf5+ {[%clk 0:07:02]} Ke7 {[%clk 0:26:37]} 53. d5 {[%clk 0:06:07]} Kd8 {[%clk
0:24:31]} 54. c6 {[%clk 0:06:19]} a4 {[%clk 0:24:28]} 55. Kc5 {[%clk 0:04:46]}
a3 {[%clk 0:24:00]} 56. Bb1 {[%clk 0:05:06]} Bg6 {[%clk 0:22:53]} 57. Ba2
{[%clk 0:05:07]} Bf7 {[%clk 0:23:09]} 58. Kd6 {[%clk 0:04:40]} Bg8 {[%clk
0:20:23]} 59. Bc4 1-0

[Event "Deutsche Ländermeisterschaft 2017"]
[Site "Hannover GER"]
[Date "2017.10.01"]
[Round "3"]
[White "Morio, Estelle"]
[Black "Tham, Minh"]
[Result "0-1"]
[Termination "normal"]
[Board "2.6"]
[WhiteElo "1844"]
[BlackElo "1806"]
[WhiteClock "00:02:13"]
[BlackClock "00:03:35"]
[WhiteTeam "Rheinland-Pfalz"]
[BlackTeam "Berlin"]
[PlyCount "129"]
[WhiteFideId "12951951"]
[BlackFideId "12997323"]
[EventCountry "GER"]
[EventRounds "7"]
[EventType "team-swiss"]
[EventDate "2017.09.29"]

1. d4 {[%clk 1:30:58]} d5 {[%clk 1:30:49]} 2. Nf3 {[%clk 1:31:20]} e6 {[%clk
1:30:54]} 3. g3 {[%clk 1:31:43]} c6 {[%clk 1:30:56]} 4. Bg2 {[%clk 1:31:59]}
Bd6 {[%clk 1:30:52]} 5. O-O {[%clk 1:31:53]} Nd7 {[%clk 1:30:48]} 6. Nbd2
{[%clk 1:31:33]} f5 {[%clk 1:27:24]} 7. c4 {[%clk 1:31:14]} Ngf6 {[%clk
1:27:40]} 8. Ne1 {[%clk 1:28:52]} O-O {[%clk 1:26:46]} 9. Nd3 {[%clk 1:27:45]}
b6 {[%clk 1:22:48]} 10. b3 {[%clk 1:22:32]} Qe7 {[%clk 1:15:38]} 11. Nf3 {[%clk
1:18:35]} Bb7 {[%clk 1:13:07]} 12. Bf4 {[%clk 1:12:30]} Bxf4 {[%clk 1:03:21]}
13. Nxf4 {[%clk 1:12:50]} Ne4 {[%clk 0:59:42]} 14. Rc1 {[%clk 1:09:30]} Rac8
{[%clk 0:58:07]} 15. Rc2 {[%clk 1:07:43]} Rfd8 {[%clk 0:56:25]} 16. cxd5 {[%clk
1:02:26]} cxd5 {[%clk 0:55:12]} 17. Qb1 {[%clk 0:57:27]} Rxc2 {[%clk 0:54:30]}
18. Qxc2 {[%clk 0:57:45]} Rc8 {[%clk 0:54:53]} 19. Qb2 {[%clk 0:57:37]} Ba6
{[%clk 0:34:19]} 20. Rd1 {[%clk 0:52:24]} g5 {[%clk 0:27:45]} 21. Nd3 {[%clk
0:52:07]} Nc3 {[%clk 0:27:43]} 22. Re1 {[%clk 0:49:08]} g4 {[%clk 0:26:23]} 23.
Nfe5 {[%clk 0:47:33]} Nxe5 {[%clk 0:26:46]} 24. Nxe5 {[%clk 0:46:10]} Qc7
{[%clk 0:26:43]} 25. Bf1 {[%clk 0:42:40]} Ne4 {[%clk 0:17:56]} 26. f3 {[%clk
0:27:04]} Nf6 {[%clk 0:17:36]} 27. Rd1 {[%clk 0:25:21]} Qc2 {[%clk 0:15:19]}
28. Rd2 {[%clk 0:25:05]} Qxb2 {[%clk 0:11:48]} 29. Rxb2 {[%clk 0:25:29]} Rc1
{[%clk 0:11:28]} 30. fxg4 {[%clk 0:19:43]} fxg4 {[%clk 0:11:30]} 31. Nd3 {[%clk
0:18:45]} Ra1 {[%clk 0:10:04]} 32. Rc2 {[%clk 0:17:09]} Ne4 {[%clk 0:08:54]}
33. Kg2 {[%clk 0:04:30]} Kf8 {[%clk 0:06:56]} 34. Nf2 {[%clk 0:03:17]} Nxf2
{[%clk 0:04:09]} 35. Kxf2 {[%clk 0:03:42]} Bb5 {[%clk 0:03:21]} 36. Rc8+ {[%clk
0:03:09]} Be8 {[%clk 0:02:50]} 37. Rc7 {[%clk 0:01:36]} Rxa2 {[%clk 0:03:06]}
38. Rxh7 {[%clk 0:01:58]} Bg6 {[%clk 0:03:32]} 39. Rc7 {[%clk 0:01:49]} Rb2
{[%clk 0:03:08]} 40. Rxa7 {[%clk 0:01:43]} Rxb3 {[%clk 0:03:19]} 41. h4 {[%clk
0:00:57]} b5 {[%clk 0:01:04]} 42. Rb7 {[%clk 0:29:49]} b4 {[%clk 0:30:50]} 43.
Rb8+ {[%clk 0:27:24]} Kf7 {[%clk 0:31:14]} 44. Bg2 {[%clk 0:20:17]} Kf6 {[%clk
0:27:08]} 45. Rf8+ {[%clk 0:20:08]} Kg7 {[%clk 0:27:10]} 46. Rb8 {[%clk
0:19:28]} Kf6 {[%clk 0:26:21]} 47. Rf8+ {[%clk 0:19:50]} Bf7 {[%clk 0:26:14]}
48. e4 {[%clk 0:13:48]} Rb2+ {[%clk 0:23:51]} 49. Kg1 {[%clk 0:13:06]} Rd2
{[%clk 0:23:27]} 50. exd5 {[%clk 0:11:55]} Rxd4 {[%clk 0:22:23]} 51. dxe6
{[%clk 0:11:21]} Kxe6 {[%clk 0:22:21]} 52. Rb8 {[%clk 0:10:28]} Kf6 {[%clk
0:20:57]} 53. Rb6+ {[%clk 0:08:18]} Kg7 {[%clk 0:12:15]} 54. Kf2 {[%clk
0:05:22]} Rd2+ {[%clk 0:11:07]} 55. Kg1 {[%clk 0:05:19]} b3 {[%clk 0:09:52]}
56. Be4 {[%clk 0:05:18]} b2 {[%clk 0:07:39]} 57. Rb4 {[%clk 0:00:56]} Bg6
{[%clk 0:02:07]} 58. Rb7+ {[%clk 0:00:48]} Kh6 {[%clk 0:02:32]} 59. Rb6 {[%clk
0:01:08]} b1=Q+ {[%clk 0:02:51]} 60. Bxb1 {[%clk 0:01:34]} Rd1+ {[%clk
0:03:12]} 61. Kf2 {[%clk 0:01:52]} Rxb1 {[%clk 0:03:33]} 62. Rxb1 {[%clk
0:01:26]} Bxb1 {[%clk 0:03:57]} 63. Ke3 {[%clk 0:01:51]} Kg6 {[%clk 0:03:12]}
64. Kf4 {[%clk 0:02:15]} Bf5 {[%clk 0:03:35]} 65. Ke5 {[%clk 0:02:13]} *